[Event "Irish Championship 2018"]
[Site "Dublin IRL"]
[Date "2018.08.11"]
[Round "8.12"]
[White "Melaugh, Gavin"]
[Black "O'Connell, Gerard"]
[Result "0-1"]
[WhiteElo "2029"]
[BlackElo "2148"]
[WhiteICU "1999"]
[BlackICU "2099"]
[WhiteClub "Elm Mount"]
[BlackClub "St. Benildus"]
[WhiteNationality "IRL"]
[BlackNationality "IRL"]
[WhiteFideId "2509571"]
[BlackFideId "2500493"]
[PlyCount "84"]
[EventDate "2018.08.04"]
[Source "TWIC 1240"]

{ Event information: <a
href="https://www.irlchess.com/irlch2018_allfiles/pairings_irlch2018.html">Tournament
report</a>. }

1. c4 Nf6 2. Nc3 g6 3. g3 Bg7 4. Bg2 O-O 5. e4 d6 6. d3 Nc6 7. Nge2 e5 8.
O-O Be6 9. f4 Qd7 10. Nd5 Bg4 11. Be3 Nxd5 12. cxd5 Nd4 13. Bxd4 exd4 14.
Rf2 c5 15. dxc6 bxc6 16. Qa4 c5 17. Qc2 Rab8 18. Kh1 Rfc8 19. Ng1 Be6 20.
Nf3 c4 21. dxc4 Bxc4 22. Qd2 d3 23. e5 dxe5 24. fxe5 Be6 25. Qd1 Bh6 26. b3
d2 27. Rxd2 Bxd2 28. Qxd2 Qxd2 29. Nxd2 Rc2 30. Ne4 Rbc8 31. h4 Rc1+ 32.
Rxc1 Rxc1+ 33. Kh2 Rc2 34. Kg1 Rxa2 35. Nf6+ Kg7 36. Bd5 Bxd5 37. Nxd5 Ra3
38. b4 Rxg3+ 39. Kf2 Rd3 40. Ne3 Rd4 41. h5 Rxb4 42. hxg6 Kxg6 0-1

[Event "Irish Championship 2018"]
[Site "Dublin IRL"]
[Date "2018.08.11"]
[Round "8.13"]
[White "Butler, Kevin C."]
[Black "Manojlovic, Mihailo"]
[Result "1-0"]
[WhiteElo "2064"]
[BlackElo "1988"]
[WhiteICU "2000"]
[BlackICU "2022"]
[WhiteClub "Phibsboro"]
[BlackClub "St. Benildus"]
[WhiteNationality "IRL"]
[BlackNationality "IRL"]
[WhiteFideId "2501538"]
[BlackFideId "2507633"]
[PlyCount "89"]
[EventDate "2018.08.04"]
[Source "TWIC 1240"]

{ Event information: <a
href="https://www.irlchess.com/irlch2018_allfiles/pairings_irlch2018.html">Tournament
report</a>. }

1. e4 e6 2. d4 d5 3. e5 c5 4. c3 Qb6 5. Nf3 Bd7 6. Nbd2 cxd4 7. Nxd4 Nc6 8.
N2f3 Nge7 9. Bd3 Nxd4 10. Nxd4 Nc6 11. Nf3 Be7 12. O-O O-O 13. Qe2 f6 14.
exf6 Bxf6 15. Ng5 Bxg5 16. Bxg5 e5 17. Be3 Qd8 18. Qh5 g6 19. Bxg6 hxg6 20.
Qxg6+ Kh8 21. Qh6+ Kg8 22. Qg6+ Kh8 23. Bg5 Qe8 24. Bf6+ Rxf6 25. Qxf6+ Kh7
26. f4 Qg6 27. fxe5 Qxf6 28. exf6 Rf8 29. Rad1 Be6 30. Rde1 Bd7 31. Re3 Kg6
32. Rg3+ Kf7 33. Rg5 Ke6 34. h4 Rxf6 35. Rxf6+ Kxf6 36. Rxd5 Be6 37. Rb5 b6
38. Rh5 Kg6 39. Rg5+ Kf6 40. b3 a5 41. Rb5 Ne7 42. Rxb6 Nf5 43. h5 a4 44.
bxa4 Ng3 45. h6 1-0

[Event "Irish Championship 2018"]
[Site "Dublin IRL"]
[Date "2018.08.11"]
[Round "8.14"]
[White "Rush, Stephen"]
[Black "Keogh, Eamon"]
[Result "1/2-1/2"]
[BlackTitle "NM"]
[WhiteElo "2025"]
[BlackElo "1960"]
[WhiteICU "1903"]
[BlackICU "1888"]
[WhiteClub "Strand"]
[BlackClub "Kilkenny"]
[WhiteNationality "IRL"]
[BlackNationality "IRL"]
[WhiteFideId "2512173"]
[BlackFideId "2500264"]
[PlyCount "58"]
[EventDate "2018.08.04"]
[Source "TWIC 1240"]

{ Event information: <a
href="https://www.irlchess.com/irlch2018_allfiles/pairings_irlch2018.html">Tournament
report</a>. } { Reference: <a
href="https://www.irlchess.com/2018/08/26/from-the-irish-championship-2018/">From
the Irish championship 2018</a>, Se&aacute;n Coffey, IRLchess, August 26,
2018. }

1. d4 e6 2. c4 f5 3. g3 Nf6 4. Bg2 Be7 5. Nf3 a5 6. O-O O-O 7. Nc3 d6 8.
Qc2 Nc6 9. Rd1 Qe8 10. Nb5 Bd8 11. Bf4 Ne4 12. Nd2 Nxd2 13. Qxd2 e5 14.
dxe5 dxe5 15. Bg5 Be6 16. Rac1 Qf7 17. Bd5 f4 18. Bxe6 Qxe6 19. Bxd8 Raxd8
20. Nxc7 Qg4 21. Nd5 fxg3 22. hxg3 Nd4 23. Re1 $2 (23. Nc3 $1 $14) 23...
Rd6 24. Kg2 Qe4+ $2 (24... Rh6 $1 $19) 25. f3 Rxf3 26. exf3 Qxf3+ 27. Kg1
Qxg3+ 28. Qg2 Nf3+ 29. Kf1 Nh2+ 1/2-1/2

[Event "Irish Championship 2018"]
[Site "Dublin IRL"]
[Date "2018.08.11"]
[Round "8.15"]
[White "Nolan, Conor"]
[Black "Tirziman, Rudolf"]
[Result "1/2-1/2"]
[WhiteElo "1935"]
[BlackElo "1943"]
[WhiteICU "1914"]
[BlackICU "1902"]
[WhiteClub "Gonzaga"]
[BlackClub "Blanchardstown"]
[WhiteNationality "IRL"]
[BlackNationality "IRL"]
[WhiteFideId "2509466"]
[BlackFideId "2508664"]
[PlyCount "39"]
[EventDate "2018.08.04"]
[Source "TWIC 1240"]

{ Event information: <a
href="https://www.irlchess.com/irlch2018_allfiles/pairings_irlch2018.html">Tournament
report</a>. }

1. d4 e6 2. Nf3 Nf6 3. Bg5 Be7 4. e3 h6 5. Bh4 d5 6. Nbd2 Nbd7 7. Bd3 O-O
8. O-O b6 9. c4 Bb7 10. Ne5 Nxe5 11. dxe5 Ne4 12. Bxe7 Qxe7 13. Bxe4 dxe4
14. Qg4 Qb4 15. Nxe4 Qxb2 16. Qf4 Qc2 17. Ng3 Bc6 18. Rfc1 Qd3 19. Rd1 Qc2
20. Rdc1 1/2-1/2

[Event "Irish Championship 2018"]
[Site "Dublin IRL"]
[Date "2018.08.11"]
[Round "8.16"]
[White "Kennedy, John P. A."]
[Black "Wallace, Paul"]
[Result "0-1"]
[WhiteElo "2077"]
[BlackElo "2202"]
[WhiteICU "1999"]
[BlackICU "2182"]
[WhiteClub "Dublin"]
[BlackClub "Kilkenny"]
[WhiteNationality "IRL"]
[BlackNationality "IRL"]
[WhiteFideId "2501120"]
[BlackFideId "2500892"]
[PlyCount "130"]
[EventDate "2018.08.04"]
[Source "Scoresheet"]

{ Event information: <a
href="https://www.irlchess.com/irlch2018_allfiles/pairings_irlch2018.html">Tournament
report</a>. }

1. Nf3 g6 2. g3 Bg7 3. Bg2 d6 4. d4 Nf6 5. O-O O-O 6. a4 a5 7. Re1 Nbd7 8.
e4 e5 9. Nc3 Re8 10. h3 c6 11. Be3 Qc7 12. Nd2 Nb6 13. d5 cxd5 14. Nb5 Qd8
15. Bxb6 Qxb6 16. exd5 Bf8 17. Ra3 Bd7 18. Rb3 Rec8 19. Nc3 Qa7 20. g4 h6
21. Qf3 Be7 22. Qe2 Rc5 23. Nc4 Rf8 24. Qe3 Kg7 25. Nb6 Bd8 26. Nxd7 Nxd7
27. Ne4 Bb6 28. Nxc5 Nxc5 29. Rb5 f5 30. Rf1 fxg4 31. hxg4 Nxa4 32. Qd2 Rf4
33. Rb3 Nc5 34. Rg3 g5 35. Qe2 Nd7 36. Rf3 Rxg4 37. Rf7+ Kxf7 38. Qxg4 Nc5
39. Qf5+ Kg7 40. Bf3 Qb8 41. Bh5 Qf8 42. Qg6+ Kh8 43. Bg4 Bc7 44. Bf5 Qg7
45. Qh5 Qf6 46. Qg4 Kg7 47. Bd3 Bb6 48. Kg2 Qf7 49. Qf3 $2 (49. Be4 $10)
49... Qxf3+ $1 50. Kxf3 Nxd3 $1 51. cxd3 Bc5 { Engines think this is only
slightly better for Black, but since White has no entry points, Black can't
lose, and threatens on both wings. It's already tricky for White to hold,
if it's possible at all. } 52. Ke4 Kg6 53. b3 h5 54. Kf3 Kf5 55. Rh1 g4+
56. Kg3 Kg5 57. Ra1 h4+ 58. Kg2 b6 59. Ra4 b5 $2 ({ Too hasty. } 59... Bb4
$1 $19 { , e.g. } 60. f3 h3+ 61. Kg3 Bc3 62. Ra2 Be1+ 63. Kh2 gxf3) 60. Re4
Bd4 61. f3 gxf3+ 62. Kxf3 a4 63. bxa4 bxa4 64. Rg4+ Kf5 65. Rxh4 $4 (65.
Rg8 $1 { and White holds a draw. }) 65... a3 0-1

[Event "Irish Championship 2018"]
[Site "Dublin IRL"]
[Date "2018.08.11"]
[Round "8.17"]
[White "O'Gorman, Alice"]
[Black "Nemeth, Zalan"]
[Result "0-1"]
[WhiteElo "1896"]
[BlackElo "1876"]
[WhiteICU "1779"]
[BlackICU "1818"]
[WhiteClub "Dun Laoghaire"]
[BlackClub "Galway"]
[WhiteNationality "IRL"]
[BlackNationality "IRL"]
[WhiteFideId "2508214"]
[BlackFideId "2512041"]
[PlyCount "140"]
[EventDate "2018.08.04"]
[Source "Scoresheet"]

{ Event information: <a
href="https://www.irlchess.com/irlch2018_allfiles/pairings_irlch2018.html">Tournament
report</a>. }

1. e4 b6 2. d4 Bb7 3. Nc3 d6 4. Nf3 Nd7 5. Bf4 Ngf6 6. Bd3 Nh5 7. Be3 g6 8.
Qd2 c5 9. dxc5 bxc5 10. Bb5 Bg7 11. Rd1 O-O 12. Bh6 Nhf6 13. Bxg7 Kxg7 14.
Bxd7 Qxd7 15. Qe2 Qg4 16. O-O Nxe4 17. Qe3 Ng5 18. Qxg5 Bxf3 19. Qxg4 Bxg4
20. f3 Be6 21. Rfe1 Rab8 22. b3 Rfc8 23. Re4 c4 24. Ne2 cxb3 25. cxb3 Rc2
26. Ra1 Rd2 27. Nf4 Rc8 28. Nxe6+ fxe6 29. Rxe6 Kf8 30. Rae1 Rcc2 31. g4
Rg2+ 32. Kh1 Rxh2+ 33. Kg1 Rcg2+ 34. Kf1 Rxa2 35. Kg1 h5 36. gxh5 gxh5 37.
Rxe7 Rhg2+ 38. Kh1 Rg7 39. Re8+ Kf7 40. R1e7+ Kf6 41. Re6+ Kg5 42. Re4 Rc7
43. Rg8+ Kf5 44. Rf8+ Kg6 45. Rg8+ Kf7 46. Rg1 Rc3 47. Rf4+ Ke6 48. b4 d5
49. Re1+ Kd6 50. Rf6+ Kc7 51. Rf5 d4 52. Rxh5 Rxf3 53. Rd1 Rb3 54. b5 Kb6
55. Rd5 d3 56. Kg1 Rxb5 57. R5xd3 $2 (57. Rxb5+ $1 Kxb5 58. Rxd3 { is a
tablebase draw. }) 57... Rf5 58. Rc3 Rc5 59. Rb3+ Ka5 60. Rdb1 a6 61. Kf1
Rh5 62. Kg1 Rb5 63. Kf1 Ka4 64. Rxb5 axb5 65. Ke1 b4 66. Kd1 Rh2 67. Rc1
Rh1+ 68. Kc2 b3+ 69. Kb2 Rxc1 70. Kxc1 Ka3 0-1

[Event "Irish Championship 2018"]
[Site "Dublin IRL"]
[Date "2018.08.12"]
[Round "9.1"]
[White "Murphy, Conor E."]
[Black "Lopez, Alex"]
[Result "0-1"]
[WhiteTitle "FM"]
[BlackTitle "IM"]
[WhiteElo "2336"]
[BlackElo "2411"]
[BlackICU "2476"]
[WhiteClub "Charlton ENG"]
[WhiteNationality "IRL"]
[BlackNationality "IRL"]
[WhiteFideId "421669"]
[BlackFideId "2501430"]
[PlyCount "88"]
[EventDate "2018.08.04"]
[Source "TWIC 1240"]

{ Event information: <a
href="https://www.irlchess.com/irlch2018_allfiles/pairings_irlch2018.html">Tournament
report</a>. }

1. e4 e5 2. Nf3 Nc6 3. Bc4 Bc5 4. c3 Nf6 5. d4 exd4 6. e5 d5 7. Bb5 Ne4 8.
cxd4 Bb6 9. O-O O-O 10. Be3 f5 11. exf6 Qxf6 12. Qb3 Ne7 13. Nc3 Nxc3 14.
bxc3 c6 15. Bg5 Qd6 16. Bd3 Ng6 17. Qc2 Bd7 18. Bxg6 hxg6 19. Ne5 Bf5 20.
Qb2 c5 21. a4 cxd4 22. cxd4 Rac8 23. Rfc1 a5 24. g4 Be4 25. Be3 Qe6 26.
Rxc8 Rxc8 27. Rc1 Rc4 28. Rxc4 dxc4 29. Qb5 c3 30. f3 Bxf3 31. Qd3 Bxg4 32.
Qxc3 Bd1 33. d5 Qh3 34. Nc4 Be2 35. Qc1 Qg4+ 36. Kf2 Qf3+ 37. Kg1 Qg4+ 38.
Kf2 Bd8 39. Bf4 Bxc4 40. Qxc4 g5 41. d6+ Kh8 42. Ke1 Qh4+ 43. Kd1 gxf4 44.
Qf7 Qg4+ 0-1

[Event "Irish Championship 2018"]
[Site "Dublin IRL"]
[Date "2018.08.12"]
[Round "9.2"]
[White "Collins, Sam"]
[Black "O'Donnell, Conor"]
[Result "1/2-1/2"]
[WhiteTitle "IM"]
[BlackTitle "FM"]
[WhiteElo "2445"]
[BlackElo "2336"]
[WhiteICU "2425"]
[BlackICU "2312"]
[WhiteClub "Gonzaga"]
[BlackClub "Gonzaga"]
[WhiteNationality "IRL"]
[BlackNationality "IRL"]
[WhiteFideId "2501198"]
[BlackFideId "2504243"]
[PlyCount "105"]
[EventDate "2018.08.04"]
[Source "TWIC 1240"]

{ Event information: <a
href="https://www.irlchess.com/irlch2018_allfiles/pairings_irlch2018.html">Tournament
report</a>. }

1. e4 c6 2. d4 d5 3. exd5 cxd5 4. c4 Nf6 5. Nc3 Nc6 6. Nf3 Bg4 7. Bg5 Ne4
8. Be3 e6 9. cxd5 exd5 10. Bd3 Bb4 11. O-O Nxc3 12. bxc3 Bxc3 13. Rb1 Bxf3
14. Qxf3 O-O 15. Rb3 Bxd4 16. Bxd4 Nxd4 17. Bxh7+ Kxh7 18. Qd3+ Kg8 19.
Qxd4 Re8 20. Rxb7 Re4 21. Qc5 Rc4 22. Qa3 Rc7 23. Rb4 Rc4 24. Rb7 Rc7 25.
Rb4 Rc4 26. Rb5 d4 27. Qf3 Rac8 28. Rd5 Qf6 29. Qxf6 gxf6 30. Rd1 Ra4 31.
g3 Rc2 32. R1xd4 Rxd4 33. Rxd4 Rxa2 34. g4 a5 35. Rd8+ Kg7 36. Ra8 Kh6 37.
Ra7 Kg6 38. Kg2 a4 39. Ra5 a3 40. Kf3 Ra1 41. h4 f5 42. Ra6+ Kh7 43. gxf5
a2 44. h5 Rh1 45. Rxa2 Rxh5 46. Kf4 Kg7 47. Ra6 Rh2 48. f3 Re2 49. Ra1 Kf6
50. Rc1 Kg7 51. Rc6 Re1 52. Rb6 Re2 53. Ra6 1/2-1/2

[Event "Irish Championship 2018"]
[Site "Dublin IRL"]
[Date "2018.08.12"]
[Round "9.3"]
[White "Baburin, Alexander"]
[Black "Jessel, Stephen"]
[Result "1/2-1/2"]
[WhiteTitle "GM"]
[BlackTitle "FM"]
[WhiteElo "2458"]
[BlackElo "2346"]
[WhiteICU "2428"]
[BlackICU "2337"]
[WhiteClub "Kilkenny"]
[BlackClub "Gonzaga"]
[WhiteNationality "IRL"]
[BlackNationality "IRL"]
[WhiteFideId "2500914"]
[BlackFideId "628859"]
[PlyCount "156"]
[EventDate "2018.08.04"]
[Source "TWIC 1240"]

{ Event information: <a
href="https://www.irlchess.com/irlch2018_allfiles/pairings_irlch2018.html">Tournament
report</a>. }

1. d4 e6 2. c4 Bb4+ 3. Bd2 a5 4. g3 d6 5. Nf3 Nc6 6. Bg2 e5 7. d5 Nb8 8.
O-O Bxd2 9. Qxd2 Nd7 10. Nc3 Ngf6 11. Ne1 O-O 12. Nd3 Qe7 13. e4 Nc5 14.
Nxc5 dxc5 15. b3 Ne8 16. Na4 Bd7 17. Nb2 Nd6 18. Nd3 f6 19. Qc3 b6 20. Rae1
Nf7 21. f4 Rae8 22. Rf2 Qd6 23. a3 Re7 24. Ref1 Rfe8 25. f5 Ra8 26. Rb2 Nd8
27. h4 Re8 28. a4 Nf7 29. Qc1 Kf8 30. Bf3 Ke7 31. Bh5 Rg8 32. Bxf7 Kxf7 33.
Qd1 Ke7 34. Kh2 Rh8 35. g4 Rag8 36. Rg2 g5 37. fxg6 hxg6 38. Qe1 g5 39. h5
Rh6 40. Qg3 Rg7 41. Nf2 Rgh7 42. Kg1 Rg7 43. Nd1 Rgh7 44. Ne3 Rg7 45. Qf3
Rg8 46. Rgf2 Rf8 47. Qg2 Rg8 48. Rf5 Rg7 49. R1f2 Rg8 50. Qf1 Rg7 51. Qe2
Rg8 52. Rf1 Rf8 53. R5f2 Rg8 54. Qf3 Rf8 55. Kg2 Rfh8 56. Nf5+ Bxf5 57.
Qxf5 Rg8 58. Rd1 Rd8 59. Rfd2 Qd7 60. d6+ cxd6 61. Qf3 Qe6 62. Rf1 Rd7 63.
Rdf2 Rd8 64. Qd1 Rd7 65. Rf5 Rd8 66. Qf3 Rg8 67. Rf2 Rd8 68. Kf1 Rg8 69.
Ke1 Rd8 70. Kd2 Rg8 71. Kc3 Rd8 72. Qd3 Rb8 73. Qd2 Rg8 74. Qd5 Rb8 75. Ra2
Qxd5 76. cxd5 b5 77. axb5 Rxb5 78. Ra4 Rh8 1/2-1/2

[Event "Irish Championship 2018"]
[Site "Dublin IRL"]
[Date "2018.08.12"]
[Round "9.4"]
[White "Murray, David"]
[Black "Moran, Stephen"]
[Result "1-0"]
[WhiteElo "2149"]
[BlackElo "2155"]
[WhiteICU "2123"]
[BlackICU "2095"]
[WhiteClub "Gonzaga"]
[BlackClub "T.C.D."]
[WhiteNationality "IRL"]
[BlackNationality "IRL"]
[WhiteFideId "2501511"]
[BlackFideId "2501872"]
[PlyCount "47"]
[EventDate "2018.08.04"]
[Source "TWIC 1240"]

{ Event information: <a
href="https://www.irlchess.com/irlch2018_allfiles/pairings_irlch2018.html">Tournament
report</a>. } { Annotator: Alexander Baburin, <em>Sunday Independent</em>,
August 19, 2018 p. 29. }

1. d4 Nf6 2. c4 g6 3. Nc3 d5 4. Nf3 Bg7 5. cxd5 Nxd5 6. e4 Nxc3 7. bxc3 c5
8. Rb1 O-O 9. Be2 b6 10. O-O Bb7 11. d5 $5 Bxc3 12. Bc4 Bg7 13. Qe2 Qc8 14.
e5 Ba6 15. e6 fxe6 16. Ng5 exd5 17. Bxd5+ e6 $2 ({ "This is Black's only
real mistake of the game. } 17... Kh8 18. Qxe7 Qd7 { was called for." })
18. Bxe6+ Kh8 19. Qe4 Nd7 20. Rb3 $1 Bxf1 21. Rh3 Nf6 22. Qxg6 Qxe6 23.
Rxh7+ Nxh7 24. Qxh7# 1-0

[Event "Irish Championship 2018"]
[Site "Dublin IRL"]
[Date "2018.08.12"]
[Round "9.5"]
[White "Delaney, Killian"]
[Black "Wall, Gavin"]
[Result "1/2-1/2"]
[BlackTitle "IM"]
[WhiteElo "2206"]
[BlackElo "2341"]
[WhiteICU "2206"]
[BlackICU "2290"]
[WhiteClub "Gonzaga"]
[BlackClub "Richmond ENG"]
[WhiteNationality "IRL"]
[BlackNationality "IRL"]
[WhiteFideId "2501570"]
[BlackFideId "2501244"]
[PlyCount "32"]
[EventDate "2018.08.04"]
[Source "TWIC 1240"]

{ Event information: <a
href="https://www.irlchess.com/irlch2018_allfiles/pairings_irlch2018.html">Tournament
report</a>. }

1. e4 e5 2. Nf3 Nc6 3. Bc4 Nf6 4. d3 h6 5. O-O d6 6. c3 g6 7. d4 Qe7 8. Re1
Bg7 9. Nbd2 O-O 10. Bb3 exd4 11. cxd4 Nh5 12. e5 dxe5 13. Nxe5 Nxe5 14.
dxe5 a5 15. Nf3 a4 16. Bc2 Rd8 1/2-1/2

[Event "Irish Championship 2018"]
[Site "Dublin IRL"]
[Date "2018.08.12"]
[Round "9.6"]
[White "O'Gorman, Tom"]
[Black "Brady, Stephen"]
[Result "0-1"]
[WhiteTitle "FM"]
[BlackTitle "FM"]
[WhiteElo "2258"]
[BlackElo "2336"]
[WhiteICU "2239"]
[BlackICU "2279"]
[WhiteClub "Dun Laoghaire"]
[BlackClub "St. Benildus"]
[WhiteNationality "IRL"]
[BlackNationality "IRL"]
[WhiteFideId "2508249"]
[BlackFideId "2500124"]
[PlyCount "120"]
[EventDate "2018.08.04"]
[Source "TWIC 1240"]

{ Event information: <a
href="https://www.irlchess.com/irlch2018_allfiles/pairings_irlch2018.html">Tournament
report</a>. }

1. e4 d5 2. exd5 Qxd5 3. Nf3 Nf6 4. d4 Bg4 5. Be2 e6 6. O-O Nbd7 7. h3 Bh5
8. c4 Qa5 9. Bd2 Bb4 10. Nc3 c6 11. a3 Bxc3 12. Bxc3 Qc7 13. b4 O-O 14. Re1
Rfd8 15. Qb3 b5 16. Ne5 Bxe2 17. Rxe2 Nxe5 18. dxe5 Nd7 19. a4 bxc4 20.
Qxc4 Nb6 21. Qg4 Qd7 22. Re3 Qe7 23. Rg3 Qf8 24. Bd4 h5 25. Qh4 Qxb4 26.
Rd1 Qxa4 27. Rdd3 Rxd4 28. Rxd4 Qa1+ 29. Kh2 Nd5 30. Qg5 g6 31. Rh4 Kf8 32.
Rxh5 gxh5 33. Qg8+ Ke7 34. Qxa8 Qxe5 35. Qxa7+ Ke8 36. Qa8+ Ke7 37. Qxc6 h4
38. Qc5+ Kf6 39. Qf8 hxg3+ 40. fxg3 Qc7 41. h4 e5 42. h5 Ke6 43. Qe8+ Kf5
44. h6 Nf6 45. Qf8 Qc1 46. Qxf7 Qxh6+ 47. Kg1 Qc1+ 48. Kh2 Qd1 49. Qf8 Qh5+
50. Kg1 Qg5 51. Kh2 Qh6+ 52. Qxh6 Ng4+ 53. Kg1 Nxh6 54. Kf2 Ke4 55. Ke2 Ng4
56. Kd2 Ne3 57. Ke2 Nxg2 58. g4 Kf4 59. Kd3 e4+ 60. Kd4 e3 0-1

[Event "Irish Championship 2018"]
[Site "Dublin IRL"]
[Date "2018.08.12"]
[Round "9.7"]
[White "Short, Philip"]
[Black "Daly, Colm"]
[Result "1-0"]
[WhiteTitle "FM"]
[BlackTitle "FM"]
[WhiteElo "2333"]
[BlackElo "2329"]
[BlackICU "2255"]
[BlackClub "Bray/Greystones"]
[WhiteNationality "IRL"]
[BlackNationality "IRL"]
[WhiteFideId "2500086"]
[BlackFideId "2500434"]
[PlyCount "89"]
[EventDate "2018.08.04"]
[Source "TWIC 1240"]

{ Event information: <a
href="https://www.irlchess.com/irlch2018_allfiles/pairings_irlch2018.html">Tournament
report</a>. }

1. d4 g6 2. e4 d6 3. Nf3 Nf6 4. Nbd2 Bg7 5. Be2 O-O 6. c3 Nbd7 7. O-O e5 8.
dxe5 dxe5 9. Qc2 b6 10. a4 a5 11. Bc4 Bb7 12. Re1 Re8 13. b4 h6 14. Qb3 Qe7
15. Ba3 axb4 16. cxb4 Rf8 17. a5 c6 18. b5 Nc5 19. bxc6 Nxb3 20. Bxe7 Nxd2
21. cxb7 Nxc4 22. Bxf8 Rxf8 23. a6 Nd6 24. a7 Nxb7 25. a8=Q Rxa8 26. Rxa8+
Bf8 27. Nxe5 Nc5 28. f3 Ncd7 29. Nxd7 Nxd7 30. Rd1 Nc5 31. Rdd8 Ne6 32.
Rxf8+ Nxf8 33. Rb8 Kg7 34. Rxb6 g5 35. Kf2 f6 36. Rb7+ Kg6 37. Re7 h5 38.
g3 h4 39. f4 hxg3+ 40. hxg3 gxf4 41. gxf4 Kh6 42. Kf3 Ng6 43. Rf7 Nh4+ 44.
Kg4 Kg6 45. Rxf6+ 1-0

[Event "Irish Championship 2018"]
[Site "Dublin IRL"]
[Date "2018.08.12"]
[Round "9.8"]
[White "Carroll, Peter"]
[Black "Melaugh, Shane"]
[Result "0-1"]
[WhiteElo "1794"]
[BlackElo "2086"]
[WhiteICU "1802"]
[BlackICU "2111"]
[WhiteClub "Gonzaga"]
[BlackClub "Elm Mount"]
[WhiteNationality "IRL"]
[BlackNationality "IRL"]
[WhiteFideId "2510243"]
[BlackFideId "2509580"]
[PlyCount "30"]
[EventDate "2018.08.04"]
[Source "TWIC 1240"]

{ Event information: <a
href="https://www.irlchess.com/irlch2018_allfiles/pairings_irlch2018.html">Tournament
report</a>. }

1. e4 c5 2. Nc3 e6 3. f4 a6 4. Nf3 Nc6 5. d3 b5 6. g3 d5 7. Bg2 Be7 8. O-O
Bb7 9. e5 Qc7 10. Qe2 Nh6 11. Bh3 O-O-O 12. Ng5 Kb8 13. Qh5 Bf8 14. g4 Nd4
15. Rf2 f6 0-1

[Event "Irish Championship 2018"]
[Site "Dublin IRL"]
[Date "2018.08.12"]
[Round "9.9"]
[White "Fox, Anthony"]
[Black "Li, Henry"]
[Result "0-1"]
[WhiteElo "2046"]
[BlackElo "2232"]
[WhiteICU "2024"]
[BlackICU "2207"]
[WhiteClub "Dun Laoghaire"]
[BlackClub "Gonzaga"]
[WhiteNationality "IRL"]
[BlackNationality "IRL"]
[WhiteFideId "2500736"]
[BlackFideId "2508524"]
[PlyCount "128"]
[EventDate "2018.08.04"]
[Source "TWIC 1240"]

{ Event information: <a
href="https://www.irlchess.com/irlch2018_allfiles/pairings_irlch2018.html">Tournament
report</a>. }

1. e4 e5 2. Nf3 Nc6 3. Bb5 a6 4. Ba4 Nf6 5. O-O Be7 6. Re1 b5 7. Bb3 d6 8.
c3 O-O 9. h3 Nb8 10. d4 Nbd7 11. Nbd2 Bb7 12. Bc2 Re8 13. Nf1 Bf8 14. Ng3
g6 15. a4 c5 16. d5 c4 17. Bg5 Nc5 18. Qd2 Be7 19. Bh6 Bf8 20. Bg5 Be7 21.
Bh6 Nfd7 22. Ra3 Nxa4 23. Bxa4 bxa4 24. Rxa4 a5 25. Be3 Ba6 26. Ra3 Qc7 27.
Rea1 Bb5 28. Nh2 h5 29. Nf3 a4 30. Qe2 Nc5 31. b4 Nd3 32. Qd2 Qd8 33. Ne2
Qd7 34. Ne1 f5 35. exf5 Qxf5 36. Ng3 Qf7 37. Nxd3 cxd3 38. c4 Bxc4 39. Rxa4
Qxd5 40. Bg5 Rxa4 41. Rxa4 e4 42. Bxe7 Rxe7 43. Nf1 Kh7 44. Ra5 Qf7 45. Qc3
d5 46. Qd4 Qg7 47. Qc5 Rc7 48. Qe3 Rb7 49. Qc5 Qe7 50. Qc8 Qxb4 51. Ra8 Qb2
52. Qg8+ Kh6 53. Qf8+ Qg7 54. Qf4+ Kh7 55. g4 Rf7 56. Qg3 Qf6 57. Nd2 h4
58. Qe3 d4 59. Qe1 Bd5 60. Ra5 Bb7 61. g5 Qf4 62. Rb5 e3 63. fxe3 dxe3 64.
Nf1 d2 0-1

[Event "Irish Championship 2018"]
[Site "Dublin IRL"]
[Date "2018.08.12"]
[Round "9.10"]
[White "Freeman, Gordon"]
[Black "Butler, Kevin C."]
[Result "1/2-1/2"]
[WhiteElo "2205"]
[BlackElo "2064"]
[WhiteICU "2159"]
[BlackICU "2000"]
[WhiteClub "Gonzaga"]
[BlackClub "Phibsboro"]
[WhiteNationality "IRL"]
[BlackNationality "IRL"]
[WhiteFideId "2501309"]
[BlackFideId "2501538"]
[PlyCount "34"]
[EventDate "2018.08.04"]
[Source "TWIC 1240"]

{ Event information: <a
href="https://www.irlchess.com/irlch2018_allfiles/pairings_irlch2018.html">Tournament
report</a>. }

1. d4 Nf6 2. Nf3 e6 3. g3 b6 4. Bg2 Bb7 5. O-O d6 6. c4 Nbd7 7. Nc3 Be7 8.
Re1 Ne4 9. Nxe4 Bxe4 10. d5 exd5 11. cxd5 O-O 12. Be3 Bf6 13. Nd4 Bxg2 14.
Kxg2 Qe8 15. Qc2 Qe5 16. Kg1 Qxd5 17. Rad1 Qb7 1/2-1/2